Datum a čas kvízu
20.5
Celkem bodů
Celkový počet nahraných bodů na tomto kvízu bez doplňovacích otázek.
10.
Pořadí na kvízu
Konečné umístění týmu na tomto kvízu.
Zaznamenané odpovědi
| # | Otázka | Odpověď | Body | Výsledky |
|---|---|---|---|---|
| 1. | Předseda Nejvyššího soudu přij... | Pavel Šámal | 0 | |
| 2. | Jistá evropská země má od minu... | o Finsku | 0 | |
| 3. | V pondělí nás ve věku 61 let o... | Marie Fredriksson, Per Gessle | 1 | |
| 4. | Skupina Kofola ve středu oznám... | Korunní, Ondrášovka | 0 | |
| 5. | Jak se jmenuje slovenská lyžař... | Petra Vlhová | 0 | |
| 6. | Podíváme se na hlášky z různýc... | přilepšit si | 1 | |
| 7. | "Šaty s ___ ___ vyšívané, ale... | vlečkou stříbrem | 0.5 | |
| 8. | Ty knedlíky připomínají vajíčk... | mořské želvy | 1 | |
| 9. | „Prase počká. Ty jsi přednější... | Pandrholo | 1 | |
| 10. | "Žvejka to je hrozný hnus, žve... | Willy Wonka | 0 |